Importación temporal de los arroces de la India y Filipinas (Record no. 98671)

MARC details
000 -LEADER
campo de control de longitud fija 01010nam a2200241 i 4500
001 - NÚMERO DE CONTROL
campo de control 98671
003 - IDENTIFICADOR DE NÚMERO DE CONTROL
campo de control ES-MaACL
005 - FECHA Y HORA DE LA ÚLTIMA TRANSACCIÓN
campo de control 20250907063058.0
007 - CAMPO FIJO DE DESCRIPCIÓN FÍSICA--INFORMACIÓN GENERAL
campo de control de longitud fija t|
008 - DATOS DE LONGITUD FIJA--INFORMACIÓN GENERAL
campo de control de longitud fija 950920s1883 sp ||||1| spa d
040 ## - FUENTE DE CATALOGACIÓN
Centro catalogador/agencia de origen CAM
Lengua de catalogación spa
Centro/agencia transcriptor CAM
100 1# - ENTRADA PRINCIPAL--NOMBRE DE PERSONA
Nombre de persona Elías de Molins, José,
Fechas asociadas al nombre 1848-1928
9 (RLIN) 46975
245 10 - MENCIÓN DEL TÍTULO
Título Importación temporal de los arroces de la India y Filipinas
Resto del título : discurso pronunciado ante la excma. Junta de Aranceles y Valoraciones el día 17 de mayo de 1883 y artículos publicados en la Epoca y el Diario de Barcelona / por José Elias de Molins.
260 ## - PUBLICACIÓN, DISTRIBUCIÓN, ETC.
Lugar de publicación, distribución, etc. Barcelona :
Nombre del editor, distribuidor, etc. [s.n.],
Fecha de publicación, distribución, etc. 1883 (
Fabricante Impr. barcelonesa)
300 ## - DESCRIPCIÓN FÍSICA
Extensión 50, [2] p. ;
Dimensiones 26 cm.
650 #4 - PUNTO DE ACCESO ADICIONAL DE MATERIA--TÉRMINO DE MATERIA
Término de materia o nombre geográfico como elemento de entrada Arroz-
Subdivisión geográfica España-
Subdivisión general Importación.
9 (RLIN) 163832
650 #4 - PUNTO DE ACCESO ADICIONAL DE MATERIA--TÉRMINO DE MATERIA
Término de materia o nombre geográfico como elemento de entrada Arroz-
Subdivisión geográfica India-
Subdivisión general Exportación.
9 (RLIN) 163834
650 #4 - PUNTO DE ACCESO ADICIONAL DE MATERIA--TÉRMINO DE MATERIA
Término de materia o nombre geográfico como elemento de entrada Arroz-
Subdivisión general Aranceles y tarifas-
Subdivisión geográfica España.
9 (RLIN) 163835
710 2# - ENTRADA AGREGADA--NOMBRE DE ENTIDAD CORPORATIVA
Nombre de entidad corporativa o nombre de jurisdicción como elemento de entrada España.
Unidad subordinada Junta de Aranceles y Valoraciones.
9 (RLIN) 155810
852 ## - LOCALIZACIÓN
Ubicación ES-MaACL
Número de control de estantería T-385-F-5
852 ## - LOCALIZACIÓN
Ubicación ES-MaACL
Número de control de estantería T-780-F-1
Holdings
Estatus retirado Estado de pérdida Estado de daño No para préstamo Colección Biblioteca de origen Biblioteca actual Ubicación en estantería Fecha de adquisición Fuente de adquisición Total de préstamos Signatura topográfica completa Código de barras Visto por última vez Precio de reemplazo Tipo de ítem Koha
        Colección de folletos Biblioteca del Ateneo de Madrid Biblioteca del Ateneo de Madrid Depósito folletos 17/01/2008     T-780-F-1 1103010 23/02/2023 23/02/2023 Folleto
        Colección de folletos Biblioteca del Ateneo de Madrid Biblioteca del Ateneo de Madrid Depósito folletos 17/01/2008     T-385-F-5 1103009 23/02/2023 23/02/2023 Folleto